Największe miasta w Austrii - Statystyki

Ogólne statystyki
  • Ten quiz został rozwiązany 789 razy
  • Średni wynik to 5 z 10
Statystyki odpowiedzi
Ludność Miasto % Poprawnych
1 911 191 Wiedeń
100%
150 269 Salzburg
88%
222 326 Graz
84%
112 467 Innsbruck
82%
181 162 Linz
79%
90 610 Klagenfurt am Wörthersee
35%
58 882 Villach
33%
49 001 Sankt Pölten
21%
57 946 Wels
13%
43 013 Dornbirn
5%
Nie znaleziono quizów pasujących do podanych kryteriów
Rozkład punktacji
Procent ludzi z każdym wynikiem
Percentyl według liczby udzielonych odpowiedzi
Twoja historia wyników
Nie rozwiązałeś tego quizu